[Event "BL2-N9495"]
[Site "Germany"]
[Date "1995.??.??"]
[Round "?"]
[White "Hausner, Ivan"]
[Black "Blauert, Joerg"]
[Result "1/2-1/2"]
[WhiteElo "2470"]
[BlackElo "2415"]

1.c4 e6 2.g3 Nf6 3.Bg2 d5 4.d4 Be7 5.Nf3 O-O 6.O-O c5 7.cxd5 exd5 8.dxc5 Bxc5
9.b3 Nc6 10.Nc3 a6 11.Bg5 d4 12.Bxf6 Qxf6 13.Ne4 Qe7 14.Nxc5 Qxc5 15.Qd2 Bg4
16.Rfd1 Rad8 17.Qf4 Bc8 18.Rac1 Qb5 19.Rd2 f6 20.Nxd4 Nxd4 21.Rxd4 Qxe2 22.Rxd8 Rxd8
23.Bf3 Qe7 24.Rc7 Qe1+ 25.Kg2 Bd7 26.Qc4+ Be6 27.Qe4 Qxe4 28.Bxe4 Rd2 29.Re7 Bd7
30.Bxb7 Kf8 31.Re4 Rxa2 32.Rd4 Ke7 33.b4 a5  1/2-1/2

[Event "BL2-S9495"]
[Site "Germany"]
[Date "1995.??.??"]
[Round "?"]
[White "Gross, Ladislau"]
[Black "Pachman, Ludek"]
[Result "1/2-1/2"]
[WhiteElo "2365"]
[BlackElo "2340"]

1.c4 Nf6 2.g3 e6 3.Bg2 d5 4.d4 Be7 5.Nf3 O-O 6.O-O Nbd7 7.Ne5 c5 8.Nc3 cxd4
9.Nxd7 Bxd7 10.Qxd4 Bc6 11.cxd5 Nxd5 12.Nxd5 Bxd5 13.Bxd5 Bf6 14.Qd3 Qxd5  1/2-1/2

[Event "Bundesliga 9495"]
[Site "Germany"]
[Date "1995.??.??"]
[Round "?"]
[White "Stohl, Igor"]
[Black "Rozentalis, Eduardas"]
[Result "1/2-1/2"]
[WhiteElo "2530"]
[BlackElo "2600"]

1.d4 e6 2.c4 Nf6 3.g3 d5 4.Bg2 Be7 5.Nf3 O-O 6.O-O dxc4 7.Qc2 a6 8.a4 Bd7
9.Qxc4 Bc6 10.Bg5 a5 11.Nc3 Na6 12.Rac1 Nb4 13.Rfd1 Rc8 14.Ne5 Bd5 15.Nxd5 exd5
16.Qb5 c6 17.Qxb7 Rb8 18.Qa7 Ra8 19.Qb7  1/2-1/2

[Event "NRW-Liga I 9495"]
[Site "Germany"]
[Date "1995.??.??"]
[Round "?"]
[White "Schroeder, Wilfried"]
[Black "Eng, Holger"]
[Result "0-1"]
[WhiteElo "2260"]
[BlackElo "2355"]

1.d4 d5 2.Nf3 Nf6 3.c4 e6 4.g3 Be7 5.Bg2 O-O 6.O-O Nbd7 7.Nbd2 b6 8.b3 Bb7
9.Bb2 Rc8 10.Rc1 c5 11.cxd5 exd5 12.Rc2 Re8 13.Qa1 Bf8 14.e3 Ne4 15.dxc5 bxc5
16.Nxe4 dxe4 17.Nd2 Nb6 18.Rd1 Qg5 19.Nc4 Rcd8 20.Rcd2 Rxd2 21.Rxd2 Nxc4
22.bxc4 Qf5 23.Qd1 Qe6 24.Qa4 Bc6 25.Qb3 Qc8 26.Qc3 Qa6 27.a3 f6 28.Bh3 Ba4
29.Bf5 Bd6 30.Qc1 g6 31.Bh3 Be5 32.Bd7 Bxd7 33.Rxd7 Qa4 34.Qd2 Qxc4 35.Rxa7 Qd3
36.Rd7 Qxd2 37.Rxd2 Bxb2 38.Rxb2 Ra8 39.Rc2 Ra5 40.Kf1 Kf7 41.Ke2 Ke6 42.Kd2 Kd5
43.Rc3 h5 44.h3 c4 45.Kc2 Ra7 46.Kb2 Kc5 47.Kc2 Rd7 48.Kb2 Rd5 49.Kc1 h4
50.g4 g5 51.Kb2 Rd2+ 52.Rc2 Rxc2+  0-1

[Event "BL2-S9495"]
[Site "Germany"]
[Date "1995.??.??"]
[Round "?"]
[White "Schmidt, Peter"]
[Black "Dietz, Holger"]
[Result "0-1"]
[WhiteElo "2395"]
[BlackElo "2260"]

1.d4 e6 2.Nf3 Nf6 3.g3 d5 4.Bg2 Be7 5.c4 O-O 6.O-O Nbd7 7.Qc2 c6 8.b3 b6
9.Nc3 Ba6 10.Rd1 Rc8 11.e4 dxc4 12.Qe2 b5 13.bxc4 bxc4 14.Rb1 Qa5 15.Bd2 Qc7
16.Bh3 Rfe8 17.g4 Nf8 18.g5 N6d7 19.Nh4 c5 20.d5 Bd6 21.dxe6 Bxh2+ 22.Kh1 fxe6
23.Qg4 Be5 24.f4 Bd4 25.Bf1 Ng6 26.Nxg6 hxg6 27.Kg2 Qc6 28.Re1 Rb8 29.Kf3 Rf8
30.Kg3 Rxb1 31.Rxb1 Qd6 32.Bh3 Re8 33.Bg2 Bxc3 34.Bxc3 Qd3+ 35.Qf3 Qxb1 36.e5 Qd3  0-1

[Event "BL2-W9495"]
[Site "Germany"]
[Date "1995.??.??"]
[Round "?"]
[White "Grabuzova, Tatiana"]
[Black "Straeter, Timo"]
[Result "1/2-1/2"]
[WhiteElo "2380"]
[BlackElo "2310"]

1.d4 Nf6 2.c4 e6 3.g3 d5 4.Bg2 Be7 5.Nf3 O-O 6.O-O c6 7.Qc2 Ne4 8.b3 Nd7
9.Ba3 Bxa3 10.Nxa3 Qa5 11.Qb2 b5 12.b4 Qb6 13.c5 Qc7 14.Nc2 a5 15.bxa5 Rxa5
16.Nb4 Ra4 17.Rfc1 f6 18.Ne1 e5 19.Bxe4 dxe4 20.d5 Bb7 21.Rab1 Ra5 22.dxc6 Bxc6
23.Qb3+ Kh8 24.Qe6 Nb8 25.Ng2 Re8 26.Qd6 Qc8 27.Rd1 Ra7 28.Qd2 Na6 29.Nxc6 Qxc6
30.Qd5 Qxc5 31.Rxb5 Qxd5 32.Rbxd5 h6 33.Rb1 Kh7 34.Ra5 Rea8 35.Rb2 Nc7 36.Rxa7 Rxa7
37.Ne3 Ne6 38.Nf5 Kg6 39.Nd6 Ra4 40.e3 Ng5 41.Kg2 Ra6 42.Nc4 Nf3 43.g4 Kg5
44.Kg3 h5 45.gxh5 Kxh5 46.Nd2 Nxd2 47.Rxd2 Ra5 48.h4 g5 49.hxg5 Kxg5 50.Rb2 Ra3
51.Kg2 Kg4 52.Rb6 Kf5 53.Rb2 Kg4 54.Rb6 Kf5 55.Rb2  1/2-1/2

[Event "NRW-Liga I 9495"]
[Site "Germany"]
[Date "1995.??.??"]
[Round "?"]
[White "Berg, Michael"]
[Black "Koch, Thomas"]
[Result "1/2-1/2"]
[WhiteElo "2260"]
[BlackElo "2315"]

1.d4 Nf6 2.c4 e6 3.g3 d5 4.Nf3 Be7 5.Bg2 O-O 6.O-O b6 7.Ne5 Bb7 8.Nc3 Na6
9.cxd5 exd5 10.Bg5 Ne4 11.Bxe7 Qxe7 12.Qa4 Nxc3 13.bxc3 c5 14.Rfd1 Rac8 15.Qa3 Rfe8
16.e3 c4 17.Qxe7 Rxe7 18.Rab1 f6 19.Nf3 Nc7 20.Nh4 Ne8 21.Bf3 g6 22.Ng2 g5
23.Ne1 Rd8 24.Nc2 Rd6 25.Rb2 Nc7 26.Na3 Bc6 27.Re1 b5 28.Nc2 Be8 29.Nb4 a5
30.Nc2 Bg6 31.a3 Rb6 32.Rc1 Kf7 33.Kf1 Ke6 34.Ke1 Kd6 35.Kd2 Re8 36.Rcb1 Reb8
37.Ra1 Kc6 38.Re1 Re8 39.Ra1 Kd6 40.Rab1 Reb8 41.Ra1 Na6 42.Rab1 R8b7 43.Be2 Be4  1/2-1/2

[Event "NRW-Liga I 9495"]
[Site "Germany"]
[Date "1995.??.??"]
[Round "?"]
[White "Berg, Michael"]
[Black "Pieper Emden, Carsten"]
[Result "1-0"]
[WhiteElo "2260"]
[BlackElo "2355"]

1.d4 Nf6 2.c4 e6 3.g3 d5 4.Nf3 Be7 5.Bg2 O-O 6.O-O dxc4 7.Ne5 c5 8.dxc5 Bxc5
9.Nxc4 Qc7 10.Nba3 Rd8 11.Qc2 Nc6 12.Bf4 Qe7 13.Bxc6 bxc6 14.Ne5 Bb7 15.Nac4 Rac8
16.Rad1 Nd5 17.Bc1 Ba8 18.a3 a6 19.Bd2 f6 20.Nd3 Ba7 21.Ba5 c5 22.Bxd8 Rxd8
23.f3 Rc8 24.Rd2 Ne3 25.Nxe3 c4 26.Kf2 Bxe3+ 27.Kxe3 Qa7+ 28.Kf4 Qd4+ 29.e4 e5+
30.Nxe5 Qxe5+ 31.Ke3 f5 32.Rfd1 Qc5+ 33.Ke2 Bc6 34.Rd8+ Rxd8 35.Rxd8+ Kf7
36.Qd2 Bb5 37.Qd5+ Qxd5 38.Rxd5 c3+ 39.Rxb5  1-0

[Event "Landesliga S9495 Bayern"]
[Site "Germany"]
[Date "1995.??.??"]
[Round "7"]
[White "Eitel, Harald"]
[Black "Gayer, Michael"]
[Result "1-0"]
[WhiteElo "2110"]
[BlackElo "2065"]

1.d4 Nf6 2.Nf3 e6 3.g3 d5 4.Bg2 Be7 5.c4 O-O 6.Nc3 dxc4 7.Qa4 Nbd7 8.Qxc4 Nb6
9.Qb3 c5 10.dxc5 Bxc5 11.O-O h6 12.Bf4 Nfd5 13.Be5 f6 14.Bd4 Bxd4 15.Nxd4 Nxc3
16.bxc3 Qe7 17.a4 Rd8 18.a5 Nd5 19.a6 Kh8 20.Rfb1 Rd7 21.e4 Nb6 22.Nxe6 bxa6
23.Nf4 Qf7 24.e5 Qxb3 25.Rxb3 fxe5 26.Ng6+ Kg8 27.Rxb6 axb6 28.Bxa8 Rc7 29.c4 Rc5
30.Bd5+ Kh7 31.Nxe5 b5 32.Nd3 Rc7 33.Be4+ Kg8 34.cxb5 axb5 35.Ra8 Kf7 36.Rb8 Bd7  1-0

[Event "Giessen op"]
[Site "Giessen"]
[Date "1995.??.??"]
[Round "6"]
[White "Bewersdorff, Oliver"]
[Black "Ginsburg, Gennadij"]
[Result "0-1"]
[WhiteElo "2355"]
[BlackElo "2440"]

1.d4 Nf6 2.c4 e6 3.g3 d5 4.Bg2 Be7 5.Nf3 O-O 6.Nc3 c5 7.cxd5 exd5 8.O-O Nc6
9.Bg5 cxd4 10.Nxd4 h6 11.Bf4 Bg4 12.h3 Be6 13.Qa4 Qd7 14.Nxe6 fxe6 15.Rad1 Rad8
16.e4 d4 17.e5 Nh5 18.Be3 Qc8 19.Bxc6 dxe3 20.Bd7 Qc5 21.Qg4 exf2+ 22.Kg2 Kh8
23.Qxe6 Bh4 24.Ne4 Qe3 25.Qg4 Nf4+ 26.gxf4 Qxe4+ 27.Qf3 Rxf4 28.Qxe4 Rxe4
29.e6 Kg8 30.Rd3 Rf8 31.Rb3 Rf6 32.Rxb7 Rg6+ 33.Kf3 Re1 34.Bb5 Rg3+ 35.Kxf2 Rg5+
36.Kf3 Rxb5 37.Rxb5 Rxf1+ 38.Kg4 Bf6 39.Rb7 Re1 40.b3 Rxe6 41.Rxa7 Re4+ 42.Kf3 Rh4
43.Kg3 Rd4  0-1

[Event "GRE-ch94"]
[Site "Glyfada"]
[Date "1995.??.??"]
[Round "5"]
[White "Mastrokoukos, Georgios"]
[Black "Haritakis, Theodoros"]
[Result "0-1"]
[WhiteElo "2425"]
[BlackElo "2250"]

1.d4 Nf6 2.Nf3 e6 3.c4 d5 4.g3 Be7 5.Bg2 O-O 6.O-O dxc4 7.Qc2 a6 8.a4 Bd7
9.Qxc4 Bc6 10.Bg5 Nbd7 11.Nc3 h6 12.Bxf6 Nxf6 13.Rfe1 Ne4 14.Qd3 Nxc3 15.bxc3 f5
16.Ne5 Bxg2 17.Kxg2 Bf6 18.Nf3 Qd5 19.Kg1 c5 20.Rab1 Rad8 21.Red1 Rf7 22.Rb6 Rfd7
23.Qc2 Rd6 24.Rxd6 Rxd6 25.Rb1 cxd4 26.cxd4 Bxd4 27.Qc8+ Kh7 28.Rxb7 Rc6
29.Qb8 Be5 30.Qa7 Rc1+ 31.Kg2 Qd1 32.Nxe5 Qf1+ 33.Kf3 Qh1+ 34.Ke3 Qe4+  0-1

[Event "Goch op 6th"]
[Site "Goch"]
[Date "1995.??.??"]
[Round "1"]
[White "Woller, Rainer"]
[Black "Siol, Juergen"]
[Result "1-0"]
[WhiteElo "2230"]
[BlackElo "1775"]

1.d4 d5 2.Nf3 Nf6 3.c4 e6 4.g3 Be7 5.Bg2 O-O 6.O-O Nbd7 7.Qc2 c5 8.Nbd2 cxd4
9.Nxd4 Qb6 10.N2b3 Nc5 11.cxd5 exd5 12.Nxc5 Bxc5 13.Nb3 Be7 14.Be3 Qd8 15.h3 Be6
16.Nd4 Qd7 17.Nxe6 fxe6 18.Qb3 Bd6 19.Rac1 Kh8 20.Rc2 Ng8 21.Bc5 Bxc5 22.Rxc5 Ne7
23.Rfc1 Nc6 24.Qe3 Rac8 25.Bf3 Rf6 26.b4 b6 27.R5c2 Ne7 28.Rxc8+ Nxc8 29.Qc3 Nd6
30.Qc7 Rf7 31.Qb8+ Ne8 32.Rc8 Re7 33.Rd8 Qc6 34.h4 Kg8 35.Rc8 Qd7 36.Rc1 Qa4
37.Rc8 Qd7 38.Rc3 Qd6 39.Qxd6 Nxd6 40.Rc6 Nb5 41.e3 Kf7 42.a4 Na3 43.Be2 Nb1
44.Rc2 Ke8 45.Bd3 h6 46.Rc8+ Kd7 47.Ra8 Nc3 48.Rxa7+ Kd6 49.Rxe7 Kxe7 50.a5  1-0

[Event "Goch op 6th"]
[Site "Goch"]
[Date "1995.??.??"]
[Round "6"]
[White "Wellner, Emil"]
[Black "Mueller, M."]
[Result "1/2-1/2"]
[WhiteElo "1995"]
[BlackElo "2325"]

1.d4 d5 2.Nf3 Nf6 3.c4 e6 4.g3 Be7 5.Bg2 O-O 6.O-O Nbd7 7.Nc3 b6 8.cxd5 exd5
9.Ne5 Bb7 10.Qa4 Nxe5 11.dxe5 Ne8 12.Rd1 c6 13.e4 b5 14.Qb3 d4 15.Ne2 c5
16.Qxb5 Rb8 17.Qa4 Qc7 18.Nf4 Qxe5 19.Nd3 Qe6 20.Bf4 Ra8 21.Rac1 g5 22.Bd2 Rc8
23.Qxa7 Qc6 24.Nb4 Qc7 25.Nd5 Bxd5 26.Qxc7 Rxc7 27.exd5 Nd6 28.Bb4 Rfc8 29.Bh3 f5
30.Ba5 Rb7 31.b4 c4 32.Rxd4 g4 33.Bf1 Bf6 34.Rdxc4 Nxc4 35.Rxc4 Rxc4 36.Bxc4 Kf8
37.d6 Be5 38.Be6 Bxd6 39.Bxf5 h5 40.a3 Kg7 41.Bd3 Re7 42.Bb6 Re1+ 43.Kg2 Kf6
44.Bd4+ Kg5 45.Be3+ Kf6 46.b5 Bxa3 47.b6 Bd6 48.b7 Bb8 49.Bf4 Re8 50.Bxb8 Rxb8
51.Be4 Ke5 52.f3 Rd8 53.Kf2 gxf3 54.Bxf3 Rd2+ 55.Ke3 Rb2 56.Kd3 Kd6 57.h3 Kc7
58.Ke3 Rb4 59.g4 h4 60.g5 Kd6 61.g6 Ke7 62.Be4 Kf6 63.Kd3 Rxb7 64.Bxb7  1/2-1/2

[Event "Wch U16"]
[Site "Guarapuava"]
[Date "1995.??.??"]
[Round "6"]
[White "Bakhtadze, Giorgi"]
[Black "Dervishi, Erald"]
[Result "1/2-1/2"]
[WhiteElo "2275"]
[BlackElo "2310"]

1.d4 Nf6 2.c4 e6 3.g3 d5 4.Nf3 Be7 5.Bg2 O-O 6.O-O b6 7.Nc3 Bb7 8.cxd5 exd5
9.Bf4 Na6 10.Rc1 c5 11.dxc5 Nxc5 12.Nd4 a6 13.Nf5 Qd7 14.Nxe7+ Qxe7 15.Be3 Rfd8
16.Bd4 Qe6 17.e3 Rac8 18.Ne2 Nfe4 19.Nf4 Qh6 20.Bh3 Rc6 21.b4 Nd7 22.Bxd7 Rxc1
23.Qxc1 Rxd7 24.f3 Ng5 25.Qc3 b5 26.Kg2 Ne6 27.Nxe6 fxe6 28.Be5 Qg6 29.Qd4 Qc2+
30.Rf2 Qc4 31.Qb6 Kf7 32.a3 g5 33.Qc5 Qxc5 34.bxc5 Bc6 35.g4 Kg6 36.Kg3 h5
37.gxh5+ Kxh5 38.f4 Rf7 39.fxg5 Rxf2 40.Kxf2 Kxg5 41.Bc7 Kf5 42.Ke2 Ke4 43.h4 Be8
44.Kd2 d4 45.exd4 Kxd4 46.Bb6 Kc4 47.Kc2 e5 48.Bc7 e4 49.Bd6 a5 50.Bc7 b4
51.Bxa5 bxa3 52.Kb1 Kxc5 53.Ka2 Kb5 54.Be1 Ka4  1/2-1/2

[Event "Gyongyos op "]
[Site "Gyongyos"]
[Date "1995.??.??"]
[Round "?"]
[White "Zimmerman, Yuri"]
[Black "Kaposztas, Miklos"]
[Result "1/2-1/2"]
[WhiteElo "2375"]
[BlackElo "2335"]

1.d4 Nf6 2.c4 e6 3.Nf3 d5 4.g3 Be7 5.Bg2 O-O 6.Qc2 dxc4 7.Qxc4 a6 8.Bf4 Nd5
9.Nbd2 Nd7 10.Nb3 c5 11.dxc5 Nxf4 12.gxf4 Qc7 13.Rc1 Bf6 14.Rc2 Nb8 15.O-O Bd7
16.Rfc1 Bc6 17.Nfd2 Rd8 18.Bxc6 Nxc6 19.e3 g6 20.Ne4 Bg7 21.Nbd2 e5 22.Nd6 exf4
23.Qxf4 Be5 24.Qh4 Bxd6 25.cxd6 Rxd6 26.Ne4 Qd8 27.Qf4 Rd1+ 28.Kg2 Rxc1 29.Rxc1 Kg7  1/2-1/2

[Event "Wichern op"]
[Site "Hamburg"]
[Date "1995.??.??"]
[Round "1"]
[White "Szymczak, Zbigniew"]
[Black "Gruenberg, Regina"]
[Result "1-0"]
[WhiteElo "2345"]
[BlackElo "2150"]

1.d4 d5 2.c4 e6 3.Nf3 Nf6 4.g3 Be7 5.Bg2 O-O 6.O-O c6 7.Qc2 b6 8.b3 Bb7 9.Nc3 Nbd7
10.Rd1 Rc8 11.e4 dxe4 12.Nxe4 Nxe4 13.Qxe4 Nf6 14.Qc2 Rc7 15.Bb2 Qa8 16.c5 Nd5
17.Ne5 bxc5 18.dxc5 Qe8 19.a3 f6 20.Nd3 Qh5 21.b4 Bc8 22.Qc4 Bd8 23.Nf4 Nxf4
24.Qxf4 e5 25.Qc4+ Kh8 26.Rd6 Be7 27.Rxc6 Rd7 28.h4 Rfd8 29.Rf1 Rd1 30.Rc7 Rxf1+
31.Bxf1 Qf3 32.Rxe7 Bb7 33.Rxb7 Qxb7 34.c6 Qc7 35.b5 Rd2 36.Bc3 Rd8 37.a4 Rb8
38.Qe6 Rd8 39.h5 Rf8 40.h6 gxh6 41.Bb4  1-0

[Event "Hastings Masters"]
[Site "Hastings"]
[Date "1995.??.??"]
[Round "3"]
[White "Summerscale, Aaron"]
[Black "Saunders, John C"]
[Result "1-0"]
[WhiteElo "2455"]
[BlackElo "2240"]

1.d4 Nf6 2.c4 e6 3.Nf3 d5 4.g3 Be7 5.Bg2 O-O 6.O-O c5 7.cxd5 Nxd5 8.e4 Nf6
9.Nc3 cxd4 10.Nxd4 e5 11.Nf5 Bxf5 12.exf5 Nc6 13.Qe2 Qa5 14.Be3 Rac8 15.Rad1 Rfd8
16.Rxd8+ Rxd8 17.Bxc6 bxc6 18.Qc4 e4 19.Qxc6 Qxf5 20.Bxa7 Qh3 21.Rd1 Rc8
22.Qb7 Re8 23.Nd5 Ng4 24.Nxe7+ Kf8 25.Qxe4 Qxh2+ 26.Kf1 Qh3+ 27.Ke1 Nf6 28.Qe3 Qh1+
29.Kd2 Rd8+ 30.Bd4 Qb7 31.Kc1  1-0

[Event "Hastings Masters"]
[Site "Hastings"]
[Date "1995.??.??"]
[Round "5"]
[White "Bates, Richard"]
[Black "Saunders, John C"]
[Result "1-0"]
[WhiteElo "2345"]
[BlackElo "2240"]

1.d4 Nf6 2.c4 e6 3.Nf3 d5 4.g3 Be7 5.Bg2 O-O 6.O-O c5 7.cxd5 exd5 8.Nc3 b6
9.dxc5 bxc5 10.Ne5 Be6 11.Qa4 Qb6 12.Rd1 Rd8 13.Bg5 Qa6 14.Qxa6 Nxa6 15.Nc6 Rd7
16.Nxe7+ Rxe7 17.Bxf6 gxf6 18.Nxd5 Bxd5 19.Bxd5 Rb8 20.Rd2 Kg7 21.Bf3 Nc7
22.Rc1 Ne6 23.e3 Rc7 24.Rc4 Rb6 25.Rdc2 Rd7 26.Bg4 Rd5 27.Bxe6 fxe6 28.Rxc5 Rd1+
29.Kg2  1-0

[Event "Horgen"]
[Site "Horgen"]
[Date "1995.??.??"]
[Round "2"]
[White "Lautier, Joel"]
[Black "Short, Nigel D"]
[Result "1/2-1/2"]
[WhiteElo "2645"]
[BlackElo "2645"]

1.d4 Nf6 2.c4 e6 3.g3 d5 4.Bg2 Be7 5.Nf3 O-O 6.O-O dxc4 7.Qc2 a6 8.a4 Nc6
9.Qxc4 Qd5 10.Nbd2 Rd8 11.e3 Qxc4 12.Nxc4 Bd7 13.Nfe5 Nxe5 14.Nxe5 Nd5 15.Bd2 a5
16.Rfc1 Be8 17.b3 c6 18.Nd3 Ra7 19.Bh3 Kf8 20.Ra2 Bd6 21.Rac2 Ba3 22.Re1 h6
23.Bg4 Ke7 24.h4 f6 25.e4 Nb4 26.Nxb4 Bxb4 27.Bxb4+ axb4 28.Rc4 b5 29.axb5 cxb5
30.Rxb4 e5 31.Rd1 Ra2 32.Kf1 Rb2 33.Ke1 exd4  1/2-1/2

[Event "HUN-chT1"]
[Site "HUN"]
[Date "1995.??.??"]
[Round "?"]
[White "Szekely, Peter"]
[Black "Ribli, Zoltan"]
[Result "1/2-1/2"]
[WhiteElo "2455"]
[BlackElo "2600"]

1.Nf3 d5 2.d4 Nf6 3.c4 e6 4.g3 Be7 5.Bg2 O-O 6.Qc2 Nbd7 7.O-O c6 8.Nbd2 b6
9.e4 Bb7 10.b3 Rc8 11.Bb2 c5 12.exd5 exd5 13.dxc5 Nxc5 14.Rad1 Rc7 15.Rfe1 Ba8  1/2-1/2

[Event "Papp Bela mem"]
[Site "HUN"]
[Date "1995.??.??"]
[Round "?"]
[White "Othman, A Moussa"]
[Black "Horvath, Andras"]
[Result "1-0"]
[WhiteElo "2225"]
[BlackElo "2240"]

1.d4 Nf6 2.c4 e6 3.g3 Be7 4.Bg2 d5 5.Nf3 O-O 6.O-O dxc4 7.Ne5 c5 8.e3 Qc7
9.Qe2 Bd7 10.Qxc4 Nc6 11.Nxd7 Nxd7 12.dxc5 Nxc5 13.Nc3 Rfd8 14.e4 Nd3 15.Nd5 exd5
16.exd5 Nde5 17.Qc2 Rac8 18.dxc6 Nxc6 19.Bf4 Qa5 20.Rfc1 Bf6 21.a3 Qb5 22.Rab1 Ne7
23.Rd1 Rxd1+ 24.Rxd1 g6 25.Qe4 Qb3 26.Rd7 Nc6 27.Qd5 Qxd5 28.Bxd5 Nd8 29.b3 b6
30.Be3 Ne6 31.Rxa7 b5 32.Rb7 Bb2 33.a4 bxa4 34.bxa4 Bc3 35.Bh6 Bd2  1-0

[Event "HUN-chT1 9596"]
[Site "HUN"]
[Date "1995.??.??"]
[Round "2"]
[White "Horvath, Julia"]
[Black "Mayer, Istvan"]
[Result "1-0"]
[WhiteElo "2270"]
[BlackElo "2275"]

1.d4 d5 2.Nf3 Nf6 3.c4 e6 4.g3 Be7 5.Bg2 O-O 6.O-O Nbd7 7.Nbd2 c5 8.cxd5 Nxd5
9.e4 Nc7 10.Nb3 b6 11.dxc5 Nxc5 12.Bf4 Nb5 13.Nxc5 Bxc5 14.Qb3 Nd4 15.Nxd4 Qxd4
16.Rad1 Qb4 17.Qxb4 Bxb4 18.a3 Be7 19.Rfe1 g5 20.Bc7 Ba6 21.e5 Rac8 22.Rd7 Rfe8
23.Bd6 Bxd6 24.exd6 Red8 25.Rxa7 Bb5 26.a4 Bc6 27.Rd1 Bxg2 28.Kxg2 Rc6 29.d7 Kf8
30.b4 Ke7 31.b5 Rd6 32.Rxd6 Kxd6 33.Rb7 Kc5 34.Kf3 f5 35.Ke3 h5 36.f4 g4
37.Kd3 Kb4 38.Ra7 Kc5 39.Rc7+ Kb4 40.Rc4+  1-0

[Event "HUN-chT1 9596"]
[Site "HUN"]
[Date "1995.??.??"]
[Round "2"]
[White "Nemeth, Zoltan"]
[Black "Paksa, Rudolf"]
[Result "1-0"]
[WhiteElo "2380"]
[BlackElo "2340"]

1.d4 Nf6 2.c4 e6 3.g3 d5 4.Bg2 Be7 5.Nf3 O-O 6.O-O Nbd7 7.b3 c5 8.cxd5 Nxd5
9.e4 N5f6 10.Nc3 cxd4 11.Nxd4 a6 12.Bb2 Nb8 13.Rc1 Bb4 14.a3 Bc5 15.Na4 Ba7
16.b4 Bd7 17.Nc5 Bxc5 18.Rxc5 Bc6 19.Qa1 Nfd7 20.Nxc6 Nxc6 21.Rd1 Qe7 22.Bxg7 Rfd8
23.Bh6 f6 24.Rcc1 Nde5 25.Be3 Rxd1+ 26.Rxd1 Rd8 27.Bb6 Rd7 28.f4 Nc4 29.Bc5 Qd8
30.Rxd7 Qxd7 31.Qxf6 Qf7  1-0

[Event "Isle of Man op"]
[Site "Isle of Man"]
[Date "1995.??.??"]
[Round "1"]
[White "Stohl, Igor"]
[Black "Martinovsky, Eugene"]
[Result "1-0"]
[WhiteElo "2525"]
[BlackElo "2305"]

1.Nf3 d5 2.d4 Nf6 3.c4 e6 4.g3 Be7 5.Bg2 O-O 6.O-O c6 7.Qc2 Nbd7 8.b3 b6
9.Rd1 Ba6 10.Bb2 Rc8 11.Nbd2 c5 12.Rac1 Qc7 13.Qb1 Qb8 14.cxd5 Nxd5 15.Nc4 cxd4
16.Nxd4 N7f6 17.e4 Bxc4 18.bxc4 Nb4 19.e5 Ng4 20.a3 Na6 21.Qe4 Nxe5 22.Nxe6 Nc5
23.Qe2 Ned3 24.Nxf8 Nxc1 25.Qxe7 Re8 26.Qg5 Ne2+ 27.Kf1 g6 28.Qf6 Kxf8 29.Qg7+ Ke7
30.Bf6+  1-0

[Event "ITA-chT"]
[Site "Italy"]
[Date "1995.??.??"]
[Round "?"]
[White "Mileto, Gabriele"]
[Black "Zurla, Mirko"]
[Result "1-0"]
[WhiteElo "2210"]
[BlackElo "2220"]

1.d4 d5 2.c4 e6 3.Nf3 Nf6 4.g3 Be7 5.Bg2 O-O 6.O-O Nbd7 7.Qc2 c6 8.b3 b6
9.Rd1 Bb7 10.Nc3 Rc8 11.e4 dxe4 12.Nxe4 c5 13.Nxf6+ Bxf6 14.Ng5 Bxg5 15.Bxb7 Rc7
16.Be4 cxd4 17.Bxg5 Qxg5 18.Rxd4 Nf6 19.Bg2 Rd7 20.Rxd7 Nxd7 21.Rd1 Nf6 22.Qd2 Qf5
23.Qd3 Qa5 24.Rd2 h6 25.Qc2 Qc5 26.Qd1 Qe5 27.Qb1 Qc5 28.Qd1 Qa3 29.Rd8 Rxd8
30.Qxd8+ Kh7 31.Qd2 Qc5 32.Bf1 a5 33.Qb2 Ng4 34.a3 Ne5 35.b4 axb4 36.axb4 Nf3+
37.Kh1 Qf5 38.Qc3 g6 39.c5 bxc5 40.bxc5 Ne5 41.Qe3 Ng4 42.Qf4 Nxf2+ 43.Kg2 Qxf4
44.gxf4 Ng4 45.Kf3 Nf6 46.c6 Ne8 47.Ke4 Kg7 48.Kd4 Kf6 49.Kc5 Ke7 50.Bg2 Nc7
51.Bf3 f6 52.h4 Ne8 53.Be4 f5 54.Bf3 Kd8 55.Kb6 Kc8 56.Be2 Nc7 57.Bc4 Kb8
58.Kc5 Kc8 59.Kd6 Kd8 60.Bxe6 Ne8+ 61.Ke5 Ke7 62.Bb3 Nc7 63.Bc4 Ne8 64.Be2 Nc7
65.h5 gxh5 66.Bxh5 Ne6 67.Bg6 Nc7 68.Bxf5 h5 69.Bh3 Ne8 70.f5 h4 71.f6+ Nxf6
72.c7 Nd7+ 73.Kd5 Nb6+ 74.Kc6  1-0

[Event "Katowice op"]
[Site "Katowice"]
[Date "1995.??.??"]
[Round "3"]
[White "Staniszewski, Piotr"]
[Black "Osipow, Nikolaj"]
[Result "1/2-1/2"]
[WhiteElo "2415"]
[BlackElo "2220"]

1.d4 d5 2.c4 e6 3.g3 Nf6 4.Bg2 Be7 5.Nf3 O-O 6.Qc2 c5 7.dxc5 Qa5+ 8.Nbd2 Nc6
9.O-O Qxc5 10.a3 a5 11.b3 b5 12.Bb2 Ba6 13.Rac1 bxc4 14.bxc4 dxc4 15.Nxc4 Rac8
16.Rfd1 Rfd8 17.Rxd8+ Nxd8 18.Nfe5 Ng4 19.Nxg4 Qxc4 20.Qxc4 Rxc4 21.Rxc4 Bxc4
22.Kf1 f6 23.Ke1 Bc5 24.Kd2 Kf7 25.Ne3 Bb5 26.Be4 g6 27.Bd3 Bc6 28.Ng4 e5
29.Bc4+ Kg7 30.f4 h5 31.Ne3 exf4 32.gxf4 Bd6 33.f5 Bxh2 34.fxg6 Bf4 35.Kd3 Kxg6
36.Nd5 Bxd5 37.Bxd5 Nf7 38.Bc3 Bc7 39.Kc4 Bd8 40.Kb5 Nd6+ 41.Kc6 Nf5 42.Be4 Kg5
43.Bd2+ Kg4 44.Bf3+ Kh4 45.Be1+ Kg5  1/2-1/2

[Event "Kavala op"]
[Site "Kavala"]
[Date "1995.??.??"]
[Round "3"]
[White "Papaioannou, Ioannis"]
[Black "Metaxas, Petros"]
[Result "1-0"]
[WhiteElo "2405"]
[BlackElo "2220"]

1.d4 Nf6 2.c4 e6 3.g3 d5 4.Bg2 Be7 5.Nf3 O-O 6.O-O dxc4 7.Qc2 a6 8.a4 Bd7
9.Rd1 Bc6 10.Nc3 Bb4 11.Bg5 h6 12.Bxf6 Qxf6 13.e4 Rd8 14.h4 a5 15.Nb5 Na6
16.Ne5 Be8 17.Nxc4 Qe7 18.e5 Bc6 19.Bxc6 bxc6 20.Nc3 Rd7 21.Qe4 Nb8 22.Rd3 Ra6
23.Rad1 Rd8 24.Ne2 Qd7 25.Nf4 Be7 26.b3 Ra8 27.d5  1-0

[Event "Kemerovo1"]
[Site "Kemerovo"]
[Date "1995.??.??"]
[Round "2"]
[White "Nielsen, Peter Heine"]
[Black "Pigusov, Evgeny"]
[Result "1/2-1/2"]
[WhiteElo "2500"]
[BlackElo "2580"]

1.d4 Nf6 2.c4 e6 3.g3 d5 4.Nf3 Be7 5.Bg2 O-O 6.O-O b6 7.cxd5 exd5 8.Nc3 Bb7
9.Ne5 Na6 10.Qa4 Qe8 11.Qb3 Rd8 12.Bg5 Ne4 13.Bxe7 Qxe7 14.Rfd1 c5 15.e3 cxd4
16.exd4 Nc7 17.Qc2 Ne6 18.Nxd5 Rxd5 19.Qxe4 Rfd8 20.Qe3 Rxd4 21.Rxd4  1/2-1/2

[Event "Kishinev Interzonal (Women)"]
[Site "Kishinev"]
[Date "1995.??.??"]
[Round "7"]
[White "Kachiani Gersinska, Ketino"]
[Black "Maric, Alisa"]
[Result "1/2-1/2"]
[WhiteElo "2360"]
[BlackElo "2445"]

1.d4 Nf6 2.c4 e6 3.g3 d5 4.Nf3 Be7 5.Bg2 O-O 6.O-O b6 7.Nc3 Bb7 8.cxd5 exd5
9.Bf4 Na6 10.Rc1 Qd7 11.Qc2 Rfd8 12.Rfd1 Qe8 13.a3 c5 14.dxc5 Nxc5 15.Nd4 Ne6
16.Ncb5 Nxf4 17.gxf4 Qd7 18.Qc7 Ne8 19.Qxd7 Rxd7 20.Bh3 Rdd8 21.Nc6 Bxc6
22.Rxc6 Kf8 23.e3 Bf6 24.Nd4 Nd6 25.Rc2 Ne4 26.b4 Bxd4 27.Rxd4 a5 28.b5 Nc5
29.Bg2 Ke7 30.Kf1 Rd6 31.Bxd5 Rad8 32.Rcd2 Ne6 33.Bxe6 Rxd4 34.Rxd4 Rxd4
35.exd4 Kxe6 36.Ke2 Kd5 37.Kd3 f5 38.a4 Kd6 39.Kc4 Ke6 40.d5+ Kd7 41.Kd4 Kd6
42.Kc4 Kd7 43.Kd3 Ke7 44.f3 Kd7 45.Kd4 Kd6 46.Kc4 Kd7 47.Kd3 Ke7 48.Ke3 Kd7  1/2-1/2

[Event "Kishinev Interzonal (Women)"]
[Site "Kishinev"]
[Date "1995.??.??"]
[Round "12"]
[White "Janjgava, Natia"]
[Black "Tsiganova, Monika"]
[Result "1/2-1/2"]
[WhiteElo "2280"]
[BlackElo "2295"]

1.d4 Nf6 2.c4 e6 3.g3 d5 4.Bg2 Be7 5.Nf3 O-O 6.O-O dxc4 7.Qc2 a6 8.a4 Bd7
9.Ne5 Bc6 10.Nxc6 Nxc6 11.e3 Na5 12.Nd2 c5 13.Nxc4 cxd4 14.Nxa5 Qxa5 15.exd4  1/2-1/2

[Event "Kuopio op1"]
[Site "Kuopio"]
[Date "1995.??.??"]
[Round "?"]
[White "Kochyev, Alexander"]
[Black "Gurevich, Vladimir"]
[Result "1/2-1/2"]
[WhiteElo "2455"]
[BlackElo "2445"]

1.c4 Nf6 2.d4 e6 3.g3 d5 4.Bg2 Be7 5.Nf3 O-O 6.O-O dxc4 7.Qc2 a6 8.Qxc4 b5
9.Qc2 Bb7 10.Bf4 Nd5 11.Nc3 Nxf4 12.gxf4  1/2-1/2

[Event "La Coruna TH op"]
[Site "La Coruna"]
[Date "1995.??.??"]
[Round "7"]
[White "Paunovic, Dragan"]
[Black "Suarez, Diego"]
[Result "1-0"]
[WhiteElo "2460"]
[BlackElo "2265"]

1.d4 Nf6 2.Nf3 e6 3.g3 d5 4.Bg2 Be7 5.c4 O-O 6.Nc3 dxc4 7.Ne5 Nd5 8.Nxc4 Nc6
9.O-O Nb6 10.Nxb6 axb6 11.e3 Bd7 12.b3 Be8 13.Bb2 f6 14.Qe2 Bf7 15.Rfd1 Qd7
16.d5 exd5 17.Nxd5 Bxd5 18.Bxd5+ Kh8 19.Rac1 Bd6 20.a4 Qe8 21.Rc4 Rb8 22.Rh4 Ne7
23.Be4 g6 24.Qf3 Qf7 25.Bxb7 Qxb3 26.Bxf6+ Kg8 27.Rxd6 cxd6 28.Rf4 Qe6 29.Ba6 Rf7
30.Bc4 d5 31.Bb3 Rbf8 32.Bxe7 Rxf4 33.Qxd5 Qxd5 34.Bxd5+ Kg7 35.gxf4  1-0

[Event "Las Palmas op"]
[Site "Las Palmas"]
[Date "1995.??.??"]
[Round "2"]
[White "Suba, Mihai"]
[Black "Garcia, Nieves"]
[Result "1-0"]
[WhiteElo "2485"]
[BlackElo "2260"]

1.c4 e6 2.g3 d5 3.Bg2 Nf6 4.Nf3 Be7 5.d4 O-O 6.O-O dxc4 7.Qc2 a6 8.Qxc4 b5
9.Qc2 Bb7 10.Bd2 Be4 11.Qc1 Nbd7 12.Ba5 Rc8 13.Nbd2 Ba8 14.Re1 Ne4 15.Nxe4 Bxe4
16.Qe3 Nf6 17.Rec1 Qd6 18.a3 c5 19.Rxc5 Rxc5 20.Bb4 Qd5 21.Bxc5 Bxc5 22.dxc5 Ng4
23.Qc3 Qh5 24.h3 Nf6 25.Rd1 Bd5 26.g4 Qg6 27.Ne5 Qg5 28.f3 h5 29.b4 hxg4
30.hxg4 Rc8 31.e4 Bb7 32.Rd6 Qf4 33.c6 Ba8 34.c7 Rxc7 35.Qxc7  1-0